000 00626nam a22002177a 4500
999 _c4041
_d4041
003 AR-CdUCM
008 190307b ||||| |||| 00| 0 spa d
020 _a84-01-38011-1
040 _aMUNICIPALIDAD PROVINCIAL DEL CUSCO
_cBIBLIOTECA MUNICIPAL DEL CUSCO
082 _a869.33 /
_bA43
100 _aAllende, Isabel
_910409
245 _aLa casa de los espíritus /
260 _aBarcelona :
_bPlaza & Janés Editores,
_c1994.
300 _a380 páginas ;
_c21 cm.
650 _aNovela
_95
650 _aNovelas Chilenas
_92077
650 _aSiglo XX
_98
650 _aLiteratura
_983
942 _2ddc
_cLIBROS
945 _admma